[Event "Liga Insular Gran Canaria 2b"]
[Site "Las Palmas"]
[Date "2019.04.06"]
[Round "5.1"]
[White "Rodriguez Medina, Jose Chedey"]
[Black "Roca Marrero, Fernando"]
[Result "1/2-1/2"]
[WhiteElo "1443"]
[BlackElo "1514"]
[PlyCount "108"]
[EventDate "2019.03.02"]
[EventType "team-tourn"]
[EventRounds "10"]
[EventCountry "ESP"]
[SourceTitle "EXT 2021"]
[Source "ChessBase"]
[SourceDate "2020.10.23"]
[SourceVersion "1"]
[SourceVersionDate "2020.10.23"]
[SourceQuality "1"]
[WhiteTeam "El Puertillo II"]
[BlackTeam "Panaderia Pulido San Mateo III"]
[WhiteTeamCountry "ESP"]
[BlackTeamCountry "ESP"]

1. d4 d6 2. Nf3 g6 3. c4 Bg7 4. Nc3 Nd7 5. e4 a6 6. Be2 e5 7. d5 Ngf6 8. Nd2 c6 9. b4 c5 10. b5 b6 11. a4 a5 12. Nf1 Ng8 13. Ng3 Ndf6 14. h4 h5 15. Bg5 Qc7 16. Qd2 Bd7 17. Nd1 Nh7 18. Be3 Ngf6 19. f3 0-0-0 20. Nf2 Bf8 21. Nh3 Be7 22. Ng5 Nxg5 23. Bxg5 Be8 24. f4 Ng8 25. Bxe7 Qxe7 26. fxe5 Qxe5 27. Kf2 Bd7 28. Rhe1 Nf6 29. Bf3 Bg4 30. Ra3 Bxf3 31. gxf3 Nh7 32. f4 Qe7 33. Rh1 Nf6 34. Kf3 Rhe8 35. Re3 Qd7 36. Qc3 Qg4+ 37. Kg2 Rxe4 38. Rhe1 Rde8 39. Rxe4 Rxe4 40. Rxe4 Nxe4 41. Qf3 Qxf3+ 42. Kxf3 Nd2+ 43. Ke3 Nb3 44. f5 Kd8 45. f6 Nd4 46. Kf4 Ke8 47. Ne4 Nf5 48. Kg5 Kd7 49. Nd2 Ne3 50. Kf4 Ng4 51. Kg5 Ne5 52. Kf4 Ng4 53. Kg5 Ke8 54. Ne4 Kd7 1/2-1/2

[Event "Liga Insular Gran Canaria 2b"]
[Site "Las Palmas"]
[Date "2019.03.02"]
[Round "1.2"]
[White "Roca Marrero, Fernando"]
[Black "Diaz Hernandez, Juan Jose"]
[Result "1-0"]
[WhiteElo "1514"]
[BlackElo "1001"]
[PlyCount "91"]
[EventDate "2019.03.02"]
[EventType "team-tourn"]
[EventRounds "10"]
[EventCountry "ESP"]
[SourceTitle "EXT 2021"]
[Source "ChessBase"]
[SourceDate "2020.10.23"]
[SourceVersion "1"]
[SourceVersionDate "2020.10.23"]
[SourceQuality "1"]
[WhiteTeam "Panaderia Pulido San Mateo III"]
[BlackTeam "Sociedad La Montana IV"]
[WhiteTeamCountry "ESP"]
[BlackTeamCountry "ESP"]

1. b3 d5 2. Bb2 Nc6 3. e3 a6 4. a3 e5 5. Nf3 Bg4 6. Be2 Bd6 7. d4 e4 8. Nfd2 Bxe2 9. Qxe2 Nf6 10. c4 Be7 11. b4 b5 12. cxb5 axb5 13. Qxb5 Qd7 14. Nc3 0-0 15. Qe2 Bd6 16. Rc1 Na7 17. h3 c6 18. Na4 Qc7 19. Nc5 Nb5 20. a4 Na7 21. Ndb3 Nc8 22. Na5 Nb6 23. Qc2 Nfd7 24. Ba3 Nf6 25. Ncb7 Be7 26. Qxc6 Qxc6 27. Nxc6 Bxb4+ 28. Bxb4 Rfe8 29. a5 Nc4 30. a6 Rxa6 31. Ne7+ Kh8 32. Nxd5 Nb2 33. Nxf6 gxf6 34. 0-0 Nd3 35. Rb1 Nxb4 36. Rxb4 Rb8 37. Rfb1 Rba8 38. Nc5 Kg7 39. Nxe4 f5 40. Ng5 h6 41. Nf3 Ra1 42. Rxa1 Rxa1+ 43. Kh2 Ra8 44. Rb7 Kf6 45. Ne5 Rf8 46. Nd7+ 1-0

[Event "Las Palmas Insular-chT Segunda 1718"]
[Site "Las Palmas"]
[Date "2018.03.10"]
[Round "9.2"]
[White "Roca Marrero, Fernando"]
[Black "Perez Bolanos, Joel"]
[Result "1-0"]
[WhiteElo "1467"]
[BlackElo "1683"]
[PlyCount "39"]
[EventDate "2017.10.28"]
[EventType "team-swiss"]
[EventRounds "9"]
[EventCountry "ESP"]
[SourceTitle "EXT 2021"]
[Source "ChessBase"]
[SourceDate "2020.10.23"]
[SourceVersion "1"]
[SourceVersionDate "2020.10.23"]
[SourceQuality "1"]
[WhiteTeam "Panaderia Pulido San Mateo II"]
[BlackTeam "Sociedad La Montana IV"]
[WhiteTeamCountry "ESP"]
[BlackTeamCountry "ESP"]

1. d4 Nf6 2. Nf3 b6 3. Bf4 Bb7 4. h3 Bxf3 5. gxf3 d5 6. e3 e6 7. Nd2 Bd6 8. Be5 Bxe5 9. dxe5 Nfd7 10. f4 c5 11. Bg2 f6 12. c4 fxe5 13. cxd5 e4 14. Nxe4 exd5 15. Qxd5 Na6 16. Nd6+ Ke7 17. Nf5+ Kf6 18. Qd6+ Kf7 19. Bd5+ Ke8 20. Nxg7# 1-0

[Event "Las Palmas Insular-chT Segunda 1718"]
[Site "Las Palmas"]
[Date "2017.12.16"]
[Round "4.1"]
[White "Damaso Tacoronte, Carolina"]
[Black "Roca Marrero, Fernando"]
[Result "0-1"]
[WhiteElo "1746"]
[BlackElo "1467"]
[PlyCount "128"]
[EventDate "2017.10.28"]
[EventType "team-swiss"]
[EventRounds "9"]
[EventCountry "ESP"]
[SourceTitle "EXT 2019"]
[Source "ChessBase"]
[SourceDate "2018.10.10"]
[SourceVersion "1"]
[SourceVersionDate "2018.10.10"]
[SourceQuality "1"]
[WhiteTeam "La Aldea"]
[BlackTeam "Panaderia Pulido San Mateo II"]
[WhiteTeamCountry "ESP"]
[BlackTeamCountry "ESP"]

1. e4 d6 2. d4 g6 3. Nf3 Bg7 4. Nc3 a6 5. Be3 e6 6. Qd2 Ne7 7. h4 h6 8. Be2 Nd7 9. 0-0-0 b5 10. Nh2 Bb7 11. Bf3 c6 12. d5 cxd5 13. exd5 e5 14. Ne4 Qc7 15. Qb4 Nc8 16. g4 Bf8 17. Be2 Ncb6 18. Bxb6 Qxb6 19. Qd2 Rc8 20. f4 Qc7 21. c3 Bg7 22. Kb1 exf4 23. Qxf4 Be5 24. Qd2 Nc5 25. Nxc5 Qxc5 26. Nf3 Bg7 27. h5 g5 28. Rhe1 Kd8 29. Nxg5 Rc7 30. Ne4 Qb6 31. Rf1 Kc8 32. g5 hxg5 33. Qxg5 Be5 34. h6 Kb8 35. h7 Ka7 36. Rh1 Rcc8 37. Bg4 Rcf8 38. Bf5 b4 39. c4 Qc7 40. Qg1+ Ka8 41. Qf1 f6 42. Rc1 Bc8 43. Bxc8 Qxc8 44. Qf2 Qb7 45. Qe3 Rxh7 46. Qd3 Rfh8 47. Rxh7 Rxh7 48. c5 Rh2 49. Nd2 dxc5 50. Rxc5 Rh1+ 51. Rc1 Rxc1+ 52. Kxc1 Qc7+ 53. Kb1 a5 54. Nc4 Qc5 55. Nxe5 fxe5 56. Qe4 Qg1+ 57. Kc2 Qf2+ 58. Kb3 Qf4 59. Qd3 e4 60. Qa6+ Kb8 61. Qxa5 e3 62. Qb5+ Kc8 63. Kc2 Qf2+ 64. Kd1 Qd2# 0-1

[Event "Las Palmas Insular-chT Segunda-A 1617"]
[Site "Las Palmas"]
[Date "2016.11.19"]
[Round "5.3"]
[White "Amador Garcia, Ismael"]
[Black "Roca Marrero, Fernando"]
[Result "1-0"]
[WhiteElo "1745"]
[BlackElo "1456"]
[PlyCount "137"]
[EventDate "2016.10.22"]
[EventType "team-tourn"]
[EventRounds "14"]
[EventCountry "ESP"]
[SourceTitle "EXT 2018"]
[Source "ChessBase"]
[SourceDate "2017.10.13"]
[SourceVersion "1"]
[SourceVersionDate "2017.10.13"]
[SourceQuality "1"]
[WhiteTeam "Fundacion La Caja de Canarias III"]
[BlackTeam "San Mateo Servitel"]
[WhiteTeamCountry "ESP"]
[BlackTeamCountry "ESP"]

1. e4 d6 2. d4 g6 3. Nc3 Bg7 4. Be3 a6 5. Nf3 h6 6. Be2 Nd7 7. 0-0 e6 8. Ne1 b6 9. f4 Ne7 10. Bf3 Bb7 11. Nd3 Nf8 12. Qe1 Nh7 13. Qf2 Qd7 14. f5 exf5 15. exf5 Bxf3 16. Qxf3 0-0 17. g4 g5 18. Ne4 f6 19. Rae1 d5 20. Ng3 Rfe8 21. c3 c6 22. Bf2 Nc8 23. Rxe8+ Qxe8 24. Re1 Qd7 25. Qe2 Nd6 26. Qe6+ Qxe6 27. Rxe6 Bf8 28. Nh5 Kf7 29. Nb4 Rc8 30. Nxa6 Be7 31. Nb4 Nf8 32. Re2 Nd7 33. Ng3 Nb8 34. Nf1 Ne4 35. Nd2 Nxf2 36. Kxf2 Re8 37. Re6 Bxb4 38. Rxe8 Kxe8 39. cxb4 b5 40. Ke3 Ke7 41. Kd3 Na6 42. Kc3 Kd6 43. Kb3 Nb8 44. Nb1 Nd7 45. a4 bxa4+ 46. Kxa4 Nb6+ 47. Kb3 Nc4 48. h3 Ne3 49. Nc3 h5 50. gxh5 Nxf5 51. Ne2 Nh6 52. Ka4 f5 53. b5 cxb5+ 54. Kxb5 f4 55. Ng1 Nf5 56. Nf3 Ke7 57. Kc5 Ne3 58. Nxg5 Kf6 59. Nf3 Kg7 60. b4 Kh6 61. b5 Nc4 62. Kxd5 Nb6+ 63. Kc6 Nc4 64. b6 Kxh5 65. b7 Na5+ 66. Kc7 Nxb7 67. Kxb7 Kg6 68. Kc6 Kf5 69. Kd5 1-0

[Event "Las Palmas Insular-chT Pref-A"]
[Site "Las Palmas"]
[Date "2015.02.07"]
[Round "7.3"]
[White "Mena Trujillo, Yeray"]
[Black "Roca Marrero, Fernando"]
[Result "1-0"]
[WhiteElo "1832"]
[BlackElo "1441"]
[PlyCount "75"]
[EventDate "2014.11.22"]
[EventType "team-tourn"]
[EventRounds "14"]
[EventCountry "ESP"]
[SourceTitle "EXT 2016"]
[Source "ChessBase"]
[SourceDate "2015.10.08"]
[SourceVersion "1"]
[SourceVersionDate "2015.10.08"]
[SourceQuality "1"]
[WhiteTeam "Grandama Santa Lucia"]
[BlackTeam "Pulido San Mateo"]
[WhiteTeamCountry "ESP"]
[BlackTeamCountry "ESP"]

1. e4 d6 2. d4 g6 3. Nc3 Bg7 4. Bg5 a6 5. f4 c5 6. d5 f6 7. Bh4 Nh6 8. a4 0-0 9. Nf3 Nf7 10. Bc4 Qa5 11. 0-0 Nd7 12. e5 dxe5 13. d6 exd6 14. Qxd6 Kh8 15. Qe7 Qd8 16. Qxd8 Nxd8 17. fxe5 fxe5 18. Bxd8 Rxd8 19. Ng5 Rf8 20. Nf7+ Kg8 21. Nd5 Bh8 22. Nd6 Kg7 23. Nc7 Rb8 24. Ne6+ Kh6 25. Nxf8 Nf6 26. Nf7+ Kg7 27. Nxh8 Bf5 28. Ne6+ Bxe6 29. Bxe6 Rxh8 30. Rae1 e4 31. g4 Re8 32. g5 Rxe6 33. gxf6+ Kf7 34. Rf4 e3 35. Rf3 Re4 36. Rexe3 Rxe3 37. Rxe3 Kxf6 38. Rb3 1-0

[Event "Gran Canaria Santa Lucia op 2nd"]
[Site "Gran Canaria"]
[Date "2014.08.17"]
[Round "5"]
[White "Suarez Ramirez, Jonay"]
[Black "Roca Marrero, Fernando"]
[Result "1-0"]
[WhiteElo "1608"]
[BlackElo "1465"]
[PlyCount "95"]
[EventDate "2014.08.14"]
[EventType "swiss"]
[EventRounds "9"]
[EventCountry "ESP"]
[SourceTitle "EXT 2015"]
[Source "ChessBase"]
[SourceDate "2014.11.20"]
[SourceVersion "1"]
[SourceVersionDate "2014.11.20"]
[SourceQuality "1"]

1. d4 Nf6 2. c4 c5 3. d5 d6 4. Nc3 e6 5. e4 e5 6. Bg5 a5 7. h3 Na6 8. Nf3 Bd7 9. Nb5 Nc7 10. Bxf6 gxf6 11. Nc3 Rb8 12. Nb5 Nxb5 13. cxb5 f5 14. Nd2 h5 15. Bd3 f4 16. a4 Qg5 17. Bf1 h4 18. Nf3 Qg6 19. Qd3 b6 20. b3 Be7 21. Rg1 f5 22. Nd2 fxe4 23. Qxe4 Bf5 24. Qf3 Bg5 25. g4 hxg3 26. fxg3 Bh4 27. 0-0-0 Bxg3 28. Nc4 Kd7 29. Ne3 e4 30. Qg2 Bxh3 31. Qe2 Qg7 32. Bxh3+ Rxh3 33. Nc2 Re8 34. Rdf1 Rh2 35. Qxh2 Bxh2 36. Rxg7+ Re7 37. Rxe7+ Kxe7 38. Kd2 Kf6 39. Na3 Ke5 40. Nc4+ Kxd5 41. Nxb6+ Kd4 42. Nc4 d5 43. Nxa5 e3+ 44. Ke2 Ke4 45. Nb7 d4 46. Nxc5+ Kd5 47. Nd3 Ke4 48. Rf3 1-0

[Event "Gran Canaria Santa Lucia op 2nd"]
[Site "Gran Canaria"]
[Date "2014.08.16"]
[Round "4"]
[White "Roca Marrero, Fernando"]
[Black "Gimenez Aldecocea, Jorge"]
[Result "1-0"]
[WhiteElo "1465"]
[BlackElo "1176"]
[PlyCount "41"]
[EventDate "2014.08.14"]
[EventType "swiss"]
[EventRounds "9"]
[EventCountry "ESP"]
[SourceTitle "EXT 2015"]
[Source "ChessBase"]
[SourceDate "2014.11.20"]
[SourceVersion "1"]
[SourceVersionDate "2014.11.20"]
[SourceQuality "1"]

1. d4 d5 2. Nf3 Nf6 3. Bf4 e6 4. e3 c5 5. c3 Nc6 6. Bd3 Bd6 7. Ne5 Nd7 8. Nxc6 bxc6 9. Bxd6 cxd4 10. cxd4 Nf6 11. Bc5 Qc7 12. Nd2 Rb8 13. b4 e5 14. dxe5 Qxe5 15. Nf3 Qc7 16. Nd4 a5 17. a3 Nd7 18. Qc2 Ra8 19. 0-0 Ne5 20. Nf5 Be6 21. Bd6 1-0

[Event "Las Palmas Insular-chT Primera-A"]
[Site "Las Palmas"]
[Date "2014.03.15"]
[Round "11.1"]
[White "Hernandez Bacallado, Benigno"]
[Black "Roca Marrero, Fernando"]
[Result "1-0"]
[WhiteElo "1846"]
[BlackElo "1527"]
[PlyCount "67"]
[EventDate "2013.11.09"]
[EventType "team-tourn"]
[EventRounds "14"]
[EventCountry "ESP"]
[SourceTitle "EXT 2015"]
[Source "ChessBase"]
[SourceDate "2014.11.20"]
[SourceVersion "1"]
[SourceVersionDate "2014.11.20"]
[SourceQuality "1"]
[WhiteTeam "La Bagacera"]
[BlackTeam "San Mateo "]
[WhiteTeamCountry "ESP"]
[BlackTeamCountry "ESP"]

1. d4 d5 2. c4 e5 3. dxe5 d4 4. Nf3 Nc6 5. g3 Bb4+ 6. Bd2 Nge7 7. Bg2 Bg4 8. 0-0 0-0 9. a3 Bxd2 10. Nbxd2 Ng6 11. Qc2 Rb8 12. h3 Be6 13. Rad1 Qd7 14. Kh2 a5 15. Nb3 Bf5 16. Qc1 Ngxe5 17. Nxe5 Nxe5 18. Nxd4 Qc8 19. Qf4 Bg6 20. Qxe5 Re8 21. Qc5 b6 22. Qb5 Be4 23. Bxe4 Rxe4 24. Nc6 Qb7 25. Nxb8 Qxb8 26. e3 Re6 27. Rd7 g6 28. Qd5 Qf8 29. Rd1 h5 30. Rd8 Re8 31. Qg5 Kh7 32. Qf6 Re6 33. Qxe6 fxe6 34. Rxf8 1-0

[Event "Las Palmas Insular-chT Primera-A"]
[Site "Las Palmas"]
[Date "2014.01.18"]
[Round "6.2"]
[White "Perez Brito, Avelino"]
[Black "Roca Marrero, Fernando"]
[Result "1-0"]
[WhiteElo "1754"]
[BlackElo "1527"]
[PlyCount "87"]
[EventDate "2013.11.09"]
[EventType "team-tourn"]
[EventRounds "14"]
[EventCountry "ESP"]
[SourceTitle "EXT 2015"]
[Source "ChessBase"]
[SourceDate "2014.11.20"]
[SourceVersion "1"]
[SourceVersionDate "2014.11.20"]
[SourceQuality "1"]
[WhiteTeam "Anand "]
[BlackTeam "San Mateo "]
[WhiteTeamCountry "ESP"]
[BlackTeamCountry "ESP"]

1. c4 g6 2. Nc3 Bg7 3. d4 d6 4. Nf3 Nf6 5. g3 0-0 6. Bg2 Nbd7 7. 0-0 c6 8. b3 Re8 9. Bb2 Rb8 10. d5 cxd5 11. Nxd5 Nb6 12. Nxf6+ exf6 13. Nd4 a6 14. Qd2 Nd7 15. Nf3 Qc7 16. Rfd1 Nf8 17. e3 Rd8 18. Rac1 Bg4 19. h3 Be6 20. Bd4 Nd7 21. Ba7 Rbc8 22. Qxd6 b6 23. Qxc7 Rxc7 24. Bxb6 Rdc8 25. Bxc7 Rxc7 26. Nd4 Bf8 27. Nxe6 fxe6 28. Rd3 Be7 29. Rcd1 Nb6 30. R3d2 a5 31. Kf1 Kf7 32. Ke2 f5 33. f4 Kf6 34. e4 h6 35. exf5 gxf5 36. Bf3 Rc8 37. Bb7 Rb8 38. Bc6 Rc8 39. Bb5 h5 40. Kf3 Rg8 41. Rg2 Bc5 42. Rgd2 Be7 43. Re2 Bb4 44. a3 1-0

[Event "Las Palmas Insular-chT Primera-A"]
[Site "Las Palmas"]
[Date "2013.12.21"]
[Round "5.3"]
[White "Rojas Mirabal, Pedro"]
[Black "Roca Marrero, Fernando"]
[Result "1-0"]
[WhiteElo "2077"]
[BlackElo "1527"]
[PlyCount "71"]
[EventDate "2013.11.09"]
[EventType "team-tourn"]
[EventRounds "14"]
[EventCountry "ESP"]
[SourceTitle "EXT 2015"]
[Source "ChessBase"]
[SourceDate "2014.11.20"]
[SourceVersion "1"]
[SourceVersionDate "2014.11.20"]
[SourceQuality "1"]
[WhiteTeam "San Andres"]
[BlackTeam "San Mateo "]
[WhiteTeamCountry "ESP"]
[BlackTeamCountry "ESP"]

1. d4 g6 2. e4 d6 3. Nc3 Nd7 4. f4 c5 5. Nf3 Bg7 6. d5 a6 7. a4 Nh6 8. Be2 0-0 9. 0-0 f6 10. Ra3 Kh8 11. Qe1 Rg8 12. Qh4 Nf7 13. e5 fxe5 14. Ne4 Nf6 15. Neg5 Nxg5 16. Nxg5 Qe8 17. fxe5 h5 18. exf6 Bxf6 19. Qf4 Rg7 20. Bd3 Qg8 21. c4 Bd7 22. Qe4 Rf8 23. Ne6 Bxe6 24. dxe6 Bd4+ 25. Be3 Rxf1+ 26. Bxf1 Bxe3+ 27. Rxe3 g5 28. Bd3 g4 29. Qf4 Rg5 30. Re2 Qg7 31. Rf2 Kg8 32. Qe4 Re5 33. Qxb7 Re1+ 34. Bf1 Qd4 35. g3 Rxe6 36. Qc8+ 1-0